3 największe miasta w województwie wielkopolskim zawierające literę - Statystyki

Ogólne statystyki
  • Ten quiz został rozwiązany 40 razy
  • Średni wynik to 57 z 90
Statystyki odpowiedzi
Litera Odpowiedź % Poprawnych
A Poznań
100%
N Poznań
100%
Ń Poznań
100%
O Poznań
100%
P Poznań
100%
Z Poznań
100%
Kalisz
93%
I Kalisz
93%
K Kalisz
93%
L Kalisz
93%
S Kalisz
93%
Kalisz
93%
Gniezno
87%
G Gniezno
87%
Gniezno
87%
Gniezno
87%
Piła
87%
Piła
87%
Ł Piła
87%
Piła
87%
Konin
83%
Konin
83%
Konin
83%
Leszno
83%
Leszno
83%
Leszno
83%
C Jarocin
80%
J Jarocin
80%
Koło
77%
Krotoszyn
70%
Y Krotoszyn
70%
Środa Wielkopolska
70%
Środa Wielkopolska
70%
Ą Wągrowiec
70%
Wągrowiec
70%
Wągrowiec
70%
Września
70%
Ś Września
70%
Września
70%
E Ostrów Wielkopolski
67%
Ostrów Wielkopolski
67%
Ostrów Wielkopolski
67%
Ostrów Wielkopolski
67%
Ostrów Wielkopolski
67%
Ó Ostrów Wielkopolski
67%
Ostrów Wielkopolski
67%
R Ostrów Wielkopolski
67%
Ostrów Wielkopolski
67%
T Ostrów Wielkopolski
67%
W Ostrów Wielkopolski
67%
Turek
67%
Turek
67%
Oborniki
63%
M Śrem
63%
Śrem
63%
Chodzież
60%
H Chodzież
60%
Ż Chodzież
60%
Szamotuły
60%
Szamotuły
60%
Szamotuły
60%
Szamotuły
60%
Gostyń
57%
Gostyń
57%
Gostyń
57%
D Swarzędz
53%
Ę Swarzędz
53%
Swarzędz
53%
Swarzędz
53%
Kępno
50%
Kościan
47%
Luboń
47%
U Luboń
47%
Złotów
47%
Ostrzeszów
43%
B Luboń
40%
Międzychód
37%
Międzychód
37%
Koźmin Wielkopolski
27%
Mosina
27%
Zbąszyń
27%
Koźminek
20%
Jastrowie
17%
Krzyż Wielkopolski
17%
Ź Rogoźno
17%
Książ Wielkopolski
13%
Pobiedziska
13%
Krajenka
7%
Łobżenica
7%
Rychwał
3%
Nie znaleziono quizów pasujących do podanych kryteriów
Rozkład punktacji
Procent ludzi z każdym wynikiem
Percentyl według liczby udzielonych odpowiedzi
Twoja historia wyników
Nie rozwiązałeś tego quizu